Random Words in Turkish - Statistics

General Stats
  • This quiz has been taken 30 times
  • The average score is 10 of 18
Answer Stats
Hint Answer % Correct
ekmek bread
85%
süt milk
85%
neden why
85%
portakal orange
81%
biz we
81%
genç young
81%
gitmek go
78%
ülke country
67%
koymak put
63%
ansiklopedi encyclopedia
56%
ağaç tree
56%
kimin whose
56%
altında under
52%
Fas Morocco
44%
dolaşmak wander
33%
maceraperest adventurer
11%
kötücül malicious
7%
küfür swearword
7%
No matching quizzes found
Score Distribution
Percent of People with Each Score
Percentile by Number Answered
Your Score History
You have not taken this quiz